000
00313 a2200133 4500
005
20250709081603.0
020
_a
9781784979614
082
_a
823.92 WEL
100
_a
WELDON, F.
245
_a
Death of a She Devil
260
_a
United Kingdom
_b
Head of Zeus Ltd.
_c
2017.
300
_a
346p.
_c
20cm
942
_2
ddc
_c
BKS
999
_c
6634
_d
6634